000 00776nac a22002051u 4500
010 _a2002070096
020 _a0130408719
082 0 0 _a670.42
_bK148
090 _c1030
_d1030
100 _aKalpakjian, Serope,
245 1 0 _aManufacturing processes for engineering materials /
_cSerope Kalpakjian, Steven R. Schmid.
250 _a4th ed.
260 _aUpper Saddle River, N.J. :
_bPrentice Hall,
_cc2003.
300 _axvii, 954 p. :
_bill. ;
_c27 cm.
504 _aIncludes bibliographical references and index.
650 0 _aManufacturing processes.
700 1 _aSchmid, Steven R.
942 _cBB
_k670.42K148
999 _c1030
_d1030